R.E.M. Singles: Sudden Death - Statistics

General Stats
  • This quiz has been taken 34 times
  • The average score is 13 of 18
Answers on the Grid
Answers color-coded by a green-red scale on the quiz's grid according to % correct below.
You Get What You Give
Chronic Town
Gardening at Night
Where the Streets Have No Name
Man on the Moon
American Music
So. Central Rain (I'm Sorry)
Little Mascara
Pretty Persuasion
Can't Get There from Here
Boys Don't Cry
Stand
Fall on Me
Orange Crush
Personal Jesus
Bang and Blame
Kiss Them for Me
Radio Song
Basket Case
Istanbul (Not Constantinople)
What's the Frequency, Kenneth?
Everybody Hurts
Near Wild Heaven
Clint Eastwood
Nightswimming
Driver 8
Don't Go Back to Rockville
The One I Love
 
Answer Stats
Answer % Correct
Everybody Hurts
91%
Radio Song
91%
The One I Love
91%
Man on the Moon
88%
Nightswimming
84%
What's the Frequency, Kenneth?
84%
Orange Crush
81%
Stand
78%
Bang and Blame
69%
Fall on Me
69%
Gardening at Night
69%
Can't Get There from Here
66%
Don't Go Back to Rockville
66%
Driver 8
66%
Near Wild Heaven
66%
So. Central Rain (I'm Sorry)
66%
Chronic Town
59%
Pretty Persuasion
53%
No matching quizzes found
Score Distribution
Percent of People with Each Score
Percentile by Number Answered
Your Score History
You have not taken this quiz